|
|
|
|
| LEADER |
00934nam a22002297a 4500 |
| 001 |
AAL8334 |
| 003 |
BD-DhAAL |
| 005 |
20160219183833.0 |
| 008 |
160210m20091998bg a|||| |||| 00| 0 ben d |
| 020 |
|
|
|a 9789848812594
|
| 040 |
|
|
|a BD-DhAAL
|c BD-DhAAL
|
| 082 |
|
|
|a 891.4437
|
| 100 |
|
|
|a ইকবাল, মুহম্মদ জাফর
|9 17941
|
| 245 |
|
|
|a কপোট্রনিক সুখ দুঃখ /
|c মুহম্মদ জাফর ইকবাল
|
| 260 |
|
|
|a ঢাকা :
|b জ্ঞানকোষ প্রকাশনী,
|c ২০০৯.
|
| 300 |
|
|
|a ৮৫ পৃ. :
|b চিত্র ;
|c ২২ সে.মি.
|
| 500 |
|
|
|a In Bengali.
|
| 541 |
|
|
|e 8334
|
| 650 |
|
|
|a Bengali fiction
|9 17942
|
| 942 |
|
|
|2 ddc
|c BK
|
| 999 |
|
|
|c 36834
|d 36834
|
| 952 |
|
|
|0 0
|1 0
|2 ddc
|4 0
|6 891_443700000000000_IQB
|7 0
|9 57968
|a SCL
|b SCL
|c GEN
|d 2016-02-10
|e Gift:
|g 80.00
|l 19
|m 32
|o 891.4437 IQB
|p 3020008334
|r 2026-04-06
|s 2026-04-06
|t 1
|w 2016-02-10
|y BK
|